00874 2200253 4500001002100000005001500021035002000036007000300056008004100059020002200100082001000122084001600132100003600148245008900184250001500273300004600288700004500334520010300379600001200482264004200494336003100536337003000567338002300597INLIS00000000000038920210216084106 a0010-0221000182ta210216 g 1 ind  a978-602-8982-09-2 a398.2 a398.2 DRS c0 aDrs. Valentino BarusePengarang1 aCerita Rakyat :bSeri Legenda Dari Jawa,Bali, dan Kalimantan /cDrs. Valentino Barus aTahun 2018 aiv, 52 Halaman :bIlustrasi ;c15 x 21 cm0 aDra.MM. Tri S. Mildawani, MA,ePengarang aPada jaman dahulu, di daerah pantai laut selatan, terdapat seorang pengembara bernama Raden Budog. 4aLegenda aBali :bPT. Lestari Kiranatama,c2010 aTeks Bergambar2rdacontent aTanpa Perantara2rdamedia aVolume2rdacarrier